Kríza spoločnosti ako dôvod návratu k normatívno-ontologickému prístupu výskumu politiky

Príspevok formuluje východiská nového prístupu k výskumu demokracie, ktorý je založený na predpoklade, že človek je slobodný len vtedy, pokiaľ základné slobody liberálnej demokracie môže využívať bez strachu a obáv z represie nielen na makro-, ale aj na mikroúrovni svojho rozhodovania, t.j. vo svojo...

Descrizione completa

Salvato in:
Dettagli Bibliografici
Autore principale: Štefančík, Radoslav, 1976-
Natura: Capitolo di libro
Lingua:slovacco
Soggetti:
Tags: Aggiungi Tag
Nessun Tag, puoi essere il primo ad aggiungerne!!

MARC

LEADER 00000naa$a2200000$$$4500
001 0191290
005 20240502083443.7
041 0 |a slo 
044 |a CZ 
245 1 0 |a Kríza spoločnosti ako dôvod návratu k normatívno-ontologickému prístupu výskumu politiky  |c Radoslav Štefančík 
520 |a Príspevok formuluje východiská nového prístupu k výskumu demokracie, ktorý je založený na predpoklade, že človek je slobodný len vtedy, pokiaľ základné slobody liberálnej demokracie môže využívať bez strachu a obáv z represie nielen na makro-, ale aj na mikroúrovni svojho rozhodovania, t.j. vo svojom každodennom živote. Zdanlivá demokracia - základné znaky. 
610 2 0 |a politológia 
610 2 0 |a spoločnosť 
610 2 0 |a kríza 
610 2 0 |a demokracia 
100 1 |a Štefančík, Radoslav, 1976-